000 00834nam a2200229 i 4500
001 156801
003 ES-MaACL
005 20250626193831.0
008 990114s1886 sp |||| | spa d
100 1 _aLabra, Rafael M. de,
_d1840-1918
_969273
245 1 0 _aDiscursos políticos, acádemicos y forenses /
_cde Rafael M. de Labra.
260 _aMadrid :
_b[s.n.],
_c1886.
300 _a485 p. ;
_c22 cm.
500 _aSegunda Serie.
530 _aDisponible en formato digital.
650 4 _aDerecho penal-
_zEspaña-
_vCasos.
_9168714
651 7 _aEspaña-
_xPolítica y gobierno-
_yS.XIX
_2
_9161744
752 _aEspaña -
_dMadrid
852 _aES-MaACL
_jF-13318
_z- Enc. pasta española
856 _uhttp://bdh-rd.bne.es/viewer.vm?id=0000014209&page=1
_zBiblioteca Digital Hispánica
999 _c156801
_d156801